SAARC Towards A New Regionalism: Constraints and Constructs/ (Record no. 208613)

MARC details
000 -LEADER
fixed length control field 00622nam a22001937a 4500
005 - DATE AND TIME OF LATEST TRANSACTION
control field 20250120150527.0
010 ## - LCCN (DPL NO)
LC control number ENG-143469
020 ## - INTERNATIONAL STANDARD BOOK NUMBER
Terms of availability 595.00
International Standard Book Number 9788170264842
035 ## - SYSTEM CONTROL NUMBER
System control number EN-127001
037 ## - SOURCE OF ACQUISITION
Source of stock number/acquisition DBAD
082 ## - DEWEY DECIMAL CLASSIFICATION NUMBER
Classification number 327
100 ## - MAIN ENTRY--PERSONAL NAME
Personal name Nayak, Dr. Namita
245 ## - TITLE STATEMENT
Title SAARC Towards A New Regionalism: Constraints and Constructs/
Statement of responsibility, etc By Dr. Namita Nayak
250 ## - EDITION STATEMENT
Edition statement First
260 ## - PUBLICATION, DISTRIBUTION, ETC. (IMPRINT)
Name of publisher, distributor, etc Heritage Publishers
Date of publication, distribution, etc 2021
Place of publication, distribution, etc 19-A, Ansari Road, Daryaganj, New Delhi
270 ## - ADDRESS
City Noida
Address 19-A, Ansari Road, Daryaganj, New Delhi
Postal code 110002
300 ## - PHYSICAL DESCRIPTION
Extent 243p.
Dimensions 22cm (pbk)
942 ## - ADDED ENTRY ELEMENTS (KOHA)
Source of classification or shelving scheme Dewey Decimal Classification
Item type English Books
Classification part 327
Call number suffix NAY
Holdings
Withdrawn status Lost status Not for loan Collection code Home library Current library Date acquired Source of acquisition Cost, normal purchase price Full call number Barcode Copy number Cost, replacement price Koha item type
      Non-fiction Vinoba Puri Vinoba Puri 20/01/2025 DBAD 595.00 327 NAY EN-127001 1 595.00 English Books

© Delhi Public Library
Hit Counter
free hit counter